000 00187nam a2200085Ia 4500
008 170617s9999 xx 000 0 und d
100 _aRang/Dale/Ritter
245 0 _aPharmacology
260 _bELSEVIER
260 _c2012
999 _c15575
_d15575